By faith they did it {ch} : (Record no. 28630)
[ view plain ]
| 000 -LEADER | |
|---|---|
| fixed length control field | 01306nam a2200325 4500 |
| 005 - DATE AND TIME OF LATEST TRANSACTION | |
| control field | 20250609105340.0 |
| 008 - FIXED-LENGTH DATA ELEMENTS--GENERAL INFORMATION | |
| fixed length control field | 070220s2001 -hk b 000 0 chi d |
| 020 ## - INTERNATIONAL STANDARD BOOK NUMBER | |
| International Standard Book Number | 9627997498 :HK90/72 |
| 040 ## - CATALOGING SOURCE | |
| Original cataloging agency | BSOP |
| 041 ## - LANGUAGE CODE | |
| Language code of text/sound track or separate title | Chinese |
| 090 ## - LOCALLY ASSIGNED LC-TYPE CALL NUMBER (OCLC); LOCAL CALL NUMBER (OCLC) | |
| Classification number (OCLC) (R) ; Classification number, CALL (RLIN) (NR) | BR1288 |
| Local cutter number (OCLC) ; Book number/undivided call number, CALL (RLIN) | L57 |
| -- | 2001 |
| 100 1# - MAIN ENTRY--PERSONAL NAME | |
| Personal name | Leung, Ka-lun. |
| 245 10 - TITLE STATEMENT | |
| Title | By faith they did it {ch} : |
| Remainder of title | Beijing Christian Student Association and Chinese Christian Evangelistic band / |
| Statement of responsibility, etc | Leung Ka-lun. |
| 260 ## - PUBLICATION, DISTRIBUTION, ETC. (IMPRINT) | |
| Place of publication, distribution, etc | Xianggang : |
| Name of publisher, distributor, etc | Jian dao shen xue yuan, |
| Date of publication, distribution, etc | 2001. |
| 300 ## - PHYSICAL DESCRIPTION | |
| Extent | xx, 243 p. ; |
| Dimensions | 22 cm. |
| 490 1# - SERIES STATEMENT | |
| Series statement | CCCRC Occasional paper; |
| Volume number/sequential designation | 10. |
| 490 1# - SERIES STATEMENT | |
| Series statement | Wen hua ji kan ; |
| Volume number/sequential designation | 10. |
| 504 ## - BIBLIOGRAPHY, ETC. NOTE | |
| Bibliography, etc | Fu can kao wen xian. |
| 610 24 - SUBJECT ADDED ENTRY--CORPORATE NAME | |
| Corporate name or jurisdiction name as entry element | Beijing Christian Student Association (China) {ch}. |
| 610 24 - SUBJECT ADDED ENTRY--CORPORATE NAME | |
| Corporate name or jurisdiction name as entry element | Beijing Christian Student Association Evangelistic Band (China) {ch}. |
| 610 24 - SUBJECT ADDED ENTRY--CORPORATE NAME | |
| Corporate name or jurisdiction name as entry element | Beijing Jidu tu xue sheng hui |
| General subdivision | History {ch}. |
| 610 24 - SUBJECT ADDED ENTRY--CORPORATE NAME | |
| Corporate name or jurisdiction name as entry element | Zhonghua Jidu tu bu dao hui |
| General subdivision | History {ch}. |
| 650 #4 - SUBJECT ADDED ENTRY--TOPICAL TERM | |
| Topical term or geographic name as entry element | Church and state |
| Geographic subdivision | China |
| General subdivision | History |
| Chronological subdivision | 20th century {ch}. |
| 650 #4 - SUBJECT ADDED ENTRY--TOPICAL TERM | |
| Topical term or geographic name as entry element | Persecution |
| Geographic subdivision | China |
| General subdivision | History |
| Chronological subdivision | 20th century {ch}. |
| 651 #4 - SUBJECT ADDED ENTRY--GEOGRAPHIC NAME | |
| Geographic name | China |
| General subdivision | Church history |
| Chronological subdivision | 20th century {ch}. |
| 951 ## - EQUIVALENCE OR CROSS-REFERENCE-GEOGRAPHIC NAME/AREA NAME [OBSOLETE] [CAN/MARC only] | |
| General subdivision | 00034405 |
| 700 1# - ADDED ENTRY--PERSONAL NAME | |
| Personal name | Liang, Jialin. |
| 740 02 - ADDED ENTRY--UNCONTROLLED RELATED/ANALYTICAL TITLE | |
| Uncontrolled related/analytical title | Ta men shi wei le xin yang : Beijing Jidu tu xue sheng hui yu Zonghua Jidu tu bu dao hui / Liang Jialin zhu. |
| 942 ## - ADDED ENTRY ELEMENTS (KOHA) | |
| Source of classification or shelving scheme | Library of Congress Classification |
| Withdrawn status | Lost status | Source of classification or shelving scheme | Damaged status | Not for loan | Home library | Current library | Shelving location | Date acquired | Inventory number | Shelving control number | Total Checkouts | Full call number | Barcode | Date last seen | Price effective from | Koha item type |
|---|---|---|---|---|---|---|---|---|---|---|---|---|---|---|---|---|
| Library of Congress Classification | BSOP Library | BSOP Library | Chinese Books (General Circulation) | 12/21/2000 | C-8165 | 127 | BR1288 L57 2001 | 00062023 | 02/23/2013 | 02/23/2013 | Books | |||||
| Library of Congress Classification | BSOP Library | BSOP Library | Special Collections Chinese | 12/21/2000 | C-8311 | 127 | BR1288 L57 2001 | 00034405 | 02/23/2013 | 02/23/2013 | Books |
